000 00669nam a2200265Ia 4500
005 20260121170511.0
008 008 260114s9999 xx 000 0 eng d
020 _a9783319784700
037 _aEBOOK
040 _aCRL
040 _beng
040 _cCRL
041 _2eng
041 _aeng
084 _qCRL
100 _aAndreas M. Krafft, Pasqualina Perrig-Chiello, Andreas M. Walker
_91064648
245 0 _aHope for a Good Life
260 _bSpringer
260 _bSpringer
260 _c2018
856 _uhttps://link.springer.com/openurl?genre=book&isbn=978-3-319-78470-0
942 _cEBOOK
999 _c1630378
_d1630378